|
|
|
|
| LEADER |
00000nam0a2200000 4500 |
| 001 |
126149 |
| 005 |
20231101215957.0 |
| 035 |
|
|
|a (RuTPU)RU\TPU\book\136479
|
| 090 |
|
|
|a 126149
|
| 100 |
|
|
|a 20071126d2007 k y0rusy50 ca
|
| 101 |
0 |
|
|a rus
|
| 102 |
|
|
|a RU
|
| 105 |
|
|
|a y z 111zy
|
| 200 |
1 |
|
|a Инновационные технологии и экономика в машиностроении
|e V Всероссийская научно-практическая конференция с международным участием, г. Юрга 14-15 сентября 2007 г.
|e труды
|f Инновационные технологии и экономика в машиностроении ; Томский политехнический университет, Юргинский технологический институт ; под ред. Д. А. Чинахова
|
| 210 |
|
|
|a Юрга
|c Изд-во ТПУ
|d 2007
|
| 215 |
|
|
|a 558 с.
|
| 300 |
|
|
|a Посвящена 50-летию Юргинского технологического института (филиала) Томского политехнического университета.
|
| 318 |
|
|
|5 63413507
|a Инновации в Томском политехническом университете
|b выставка
|
| 320 |
|
|
|a Библиогр. в конце докл.
|
| 330 |
|
|
|a В сборнике представлены материалы по современным проблемам инновационных технологий в сварочном производстве, машиностроении, металлургии, автоматизации производства, экономики, подготовки инженерных кадров. Материалы сборника представляют интерес для преподавателей, научных сотрудников, аспирантов и студентов технических и экономических специальностей.
|
| 464 |
|
|
|t Разработка базы данных информационной системы поддержки принятия решений об инновационном развитии региона
|o [доклад]
|f А. А. Захарова
|
| 610 |
1 |
|
|a машиностроение
|
| 610 |
1 |
|
|a экономика
|
| 610 |
1 |
|
|a инновационные технологии
|
| 610 |
1 |
|
|a неразъемные соединения
|
| 610 |
1 |
|
|a перспективные технологии
|
| 610 |
1 |
|
|a машиностроительные предприятия
|
| 610 |
1 |
|
|a автоматизация
|
| 610 |
1 |
|
|a информатизация
|
| 610 |
1 |
|
|a инженерные кадры
|
| 610 |
1 |
|
|a конференции
|
| 675 |
|
|
|a 621.002:658(063)
|v 3
|
| 702 |
|
1 |
|a Чинахов
|b Д. А.
|c специалист в области сварочного производства
|c доцент Юргинского технологического института (филиала) Томского политехнического университета
|f 1973-
|g Дмитрий Анатольевич
|2 stltpush
|3 (RuTPU)RU\TPU\pers\24212
|4 340
|9 10706
|
| 712 |
1 |
2 |
|a Инновационные технологии и экономика в машиностроении
|c конференция
|d 5
|e Юрга
|f 2007
|
| 712 |
0 |
2 |
|a Томский политехнический университет
|b Юргинский технологический институт
|2 stltpush
|3 (RuTPU)RU\TPU\col\12451
|
| 801 |
|
1 |
|a RU
|b 63413507
|c 20071126
|g PSBO
|
| 801 |
|
2 |
|a RU
|b 63413507
|c 20150903
|g PSBO
|
| 942 |
|
|
|c BK
|